000
00291nam a2200121Ia 4500
008
190216s9999||||xx |||||||||||||| ||und||
100
_a
Sankara Pillai G
245
0
_a
Aasthanaviddikal
260
_b
Poorna Pubs Kozhikode
_c
1978
300
_a
47p
650
_a
Malayalam Nadakam
942
_c
BK
999
_c
27485
_d
27485